Tables de sinus naturels pour la levée des plans de mines et pour faciliter qualques opérations de trigonométrie calculées jusqu'a 100 mètres / (Record no. 68855)

MARC details
000 -LEADER
campo de control de longitud fija 00841nam a2200205 i 4500
001 - NÚMERO DE CONTROL
campo de control 68855
003 - IDENTIFICADOR DE NÚMERO DE CONTROL
campo de control ES-MaACL
005 - FECHA Y HORA DE LA ÚLTIMA TRANSACCIÓN
campo de control 20250820124046.0
007 - CAMPO FIJO DE DESCRIPCIÓN FÍSICA--INFORMACIÓN GENERAL
campo de control de longitud fija t|
008 - DATOS DE LONGITUD FIJA--INFORMACIÓN GENERAL
campo de control de longitud fija 960830s1829 fr ||||1| fre d
040 ## - FUENTE DE CATALOGACIÓN
Centro catalogador/agencia de origen CAM
Lengua de catalogación spa
Centro/agencia transcriptor CAM
100 1# - ENTRADA PRINCIPAL--NOMBRE DE PERSONA
Nombre de persona Giroud, Henri.
9 (RLIN) 57310
245 10 - MENCIÓN DEL TÍTULO
Título Tables de sinus naturels pour la levée des plans de mines et pour faciliter qualques opérations de trigonométrie calculées jusqu'a 100 mètres /
Mención de responsabilidad, etc. par MM. Henri Giroud et Lesbros.
260 ## - PUBLICACIÓN, DISTRIBUCIÓN, ETC.
Lugar de publicación, distribución, etc. Grenoble :
Nombre del editor, distribuidor, etc. chez Prudhomme libraire-éditeur ;
Lugar de publicación, distribución, etc. Paris :
Nombre del editor, distribuidor, etc. chez Bachelier libraire,
Fecha de publicación, distribución, etc. 1829 (
Lugar de fabricación/manufactura Grenoble :
Fabricante Imprimerie de C.-P. Baratier)
300 ## - DESCRIPCIÓN FÍSICA
Extensión 150 p., [1] h. pleg. ;
Dimensiones 22 cm.
650 #7 - PUNTO DE ACCESO ADICIONAL DE MATERIA--TÉRMINO DE MATERIA
Término de materia o nombre geográfico como elemento de entrada Trigonometría
Fuente del encabezamiento o término embne
9 (RLIN) 17647
700 1# - ENTRADA AGREGADA--NOMBRE PERSONAL
Nombre de persona Lesbros, Joseph Aimé,
Fechas asociadas al nombre 1790-1860
9 (RLIN) 165488
852 ## - LOCALIZACIÓN
Ubicación ES-MaACL
Número de control de estantería B-7982
Holdings
Estatus retirado Estado de pérdida Estado de daño No para préstamo Colección Biblioteca de origen Biblioteca actual Ubicación en estantería Fecha de adquisición Fuente de adquisición Total de préstamos Signatura topográfica completa Código de barras Visto por última vez Precio de reemplazo Tipo de ítem Koha
        Libros del s. XIX Biblioteca del Ateneo de Madrid Biblioteca del Ateneo de Madrid Sala Pardo Bazán 17/01/2008     B-7982 1072103 23/02/2023 23/02/2023 Libro impreso antiguo